000 00500nam a2200181Ia 4500
999 _c28273
_d28273
003 OSt
005 20201112115733.0
008 190216s9999||||xx |||||||||||||| ||und||
020 _a8171806678
040 _coclc
082 _a894.8123
_bMOH/S
100 _aMohanavarma, K L
_96455
245 0 _aSettlement /
_cK L Mohanavarma
260 _bPoorna Publishers,
_c1999.
_aKozhikode:
300 _a179p
650 _aNovel
942 _cBK
_2ddc
_h894.8123
_iMOH/S
_k894.8123
_mMOH/S